The shallow water wawe equations: formulation, analysis and application /
Salvato in:
| Autore principale: | |
|---|---|
| Natura: | Libro |
| Lingua: | inglese |
| Pubblicazione: |
Berlin :
Springer Verlag,
1986
|
| Edizione: | 1.vyd. |
| Tags: |
Nessun Tag, puoi essere il primo ad aggiungerne!!
|
MARC
| LEADER | 00000nam a22000003a 4500 | ||
|---|---|---|---|
| 001 | stu9540 | ||
| 005 | 20150617225805.3 | ||
| 008 | 970423s1986----gw------------------eng-d | ||
| 040 | |a STU |b slo | ||
| 041 | 0 | |a eng | |
| 044 | |a gw | ||
| 080 | |a 532.59 | ||
| 080 | |a 551.466.2 | ||
| 100 | 1 | |a Kinnmark, Ingemar |4 aut | |
| 245 | 1 | |a The shallow water wawe equations: formulation, analysis and application / |c [aut.] Kinnmark,Ingemar | |
| 250 | |a 1.vyd. | ||
| 260 | |a Berlin : |b Springer Verlag, |c 1986 | ||
| 300 | |a 26, 187 s | ||
| 996 | |b 284EK02107 |c E*59891 |l EE01 |s A |a 24 |w stu9540_0001 | ||